00477cam a2200181ua 450000500170000000800390001704000180005604100080007408200160008210000260009824500490012425000090017326000300018230000230021265000140023565300140024965300320026320201204110648.0110811n ii |||gr||||Z||||||eng cMAINaIN-DiNC deng a370.54bRAW aRawat, P. L.,eauthor1 aHistory of indian education/cby P. L. Rawat a1st. aAgra:bRam prasad & sons. a452p:bill;c23cm. aEducation aEducation aHistory of indian education